|
|
|
|
| LEADER |
00000nab a2200000 a 4500 |
| 001 |
vtls000741973 |
| 003 |
SK-MaSNL |
| 005 |
20260318114710.0 |
| 008 |
160405c2000 xo 0 hun |
| 015 |
|
|
|a SNBRB2000/12-32375
|
| 035 |
|
|
|a CLN000093813
|
| 040 |
|
|
|a SNKBUCL
|b slo
|c SNKBUCL
|e AACR2
|
| 041 |
0 |
|
|a hun
|
| 044 |
|
|
|a xo
|c SK
|
| 080 |
|
|
|a 373.54(437.6=945.11):371.38
|2 1997
|
| 080 |
|
|
|a 371.38:372.893
|2 1997
|
| 080 |
|
|
|a 372.893
|2 1997
|
| 245 |
0 |
0 |
|a Szent István intelmei a mai diákokhoz
|b a komáromi Selye János Gimnázium csapata három magyarországi történelmi vetélkedőn nyerte el a Legjobb határontúli csapat előkelő címet
|c Kamoncza Márta ... [et al.]
|
| 300 |
|
|
|b Fotogr.
|
| 610 |
2 |
7 |
|a Gymnázium Jánosa Selyeho (Komárno, Slovensko)
|2 snkbucl
|9 33452
|
| 650 |
0 |
7 |
|a dejepisné súťaže
|2 snkbucl
|9 14407
|
| 651 |
|
7 |
|a Komárno (Slovensko : okres)
|2 snkbucl
|9 15954
|
| 655 |
|
7 |
|a články z novín a časopisov
|2 snkbucl
|9 267496
|
| 700 |
1 |
|
|a Kamoncza, Márta
|d 1963-
|4 aut
|4 ain
|9 849024
|
| 700 |
1 |
|
|a Bernáth, Gábor
|4 aut
|4 uin
|9 966225
|
| 700 |
1 |
|
|a Skrivánek, Dániel
|4 aut
|4 uin
|9 1615561
|
| 700 |
1 |
|
|a Tokár, Géza
|4 aut
|4 uin
|9 871056
|
| 773 |
0 |
|
|t Új szó
|g Roč. 53, č. 275 (29.11.2000)
|
| 773 |
0 |
|
|t [Príl.] Nagyszünet
|g Roč. 2, č. 10 (2000), s. 9
|
| 850 |
|
|
|a Slovenská národná knižnica v Martine
|
| 852 |
|
|
|a SNK
|b KIS3GCP
|
| 958 |
|
|
|a HU
|
| 958 |
|
|
|a SK
|
| 999 |
|
|
|c 3328713
|d 3330643
|